| 000 | 00847nam a2200217 i 4500 | ||
|---|---|---|---|
| 001 | 98803 | ||
| 003 | ES-MaACL | ||
| 005 | 20250815062639.0 | ||
| 007 | t| | ||
| 008 | 051026s1913 sp |||| | spa d | ||
| 245 | 0 | 0 |
_aEconomía / _cpor Neumann, Kleinwaechter, Nasse, Wagner... ; versión española del alemán precedida de un estudio sobre "El concepto de la economía y el carácter de su ciencia" por Adolfo A. Buylla... |
| 250 | _aNueva ed. | ||
| 260 |
_aMadrid : _bLa España Moderna, _c[1913] |
||
| 300 |
_a2 v. ; _c23 cm. |
||
| 490 | 1 | _aBiblioteca de jurisprudencia, filosofía e historia | |
| 650 | 0 | 7 |
_aEconomía _2embne _912006 |
| 700 | 1 |
_aBuylla y González Alegre, Adolfo A., _d1850-1927 _932991 |
|
| 830 | 0 | 0 |
_aBiblioteca de jurisprudencia, filosofía e historia _9180691 |
| 852 |
_aES-MaACL _jE-14609-10 |
||
| 999 |
_c98803 _d98803 |
||